[Event "WCO2014"]
[Site "Tromso"]
[Date "2014.08.03"]
[Round "2.4"]
[WhiteID "11301317"]
[White "Francis Thapelo"]
[BlackID "3003973"]
[Black "De San Vicente Sabrina"]
[Result "0-1"]
[LiveChessVersion "1.4.3"]
[BlackElo "1687"]
[WhiteElo "1723"]

1. e4 {[%clk 1:30:53]} e5 {[%clk 1:30:53]} 2. Nf3 {[%clk 1:31:14]} Nf6
{[%clk 1:31:14]} 3. Nxe5 {[%clk 1:30:11]} Nxe4 {[%clk 1:31:23]} 4. d3
{[%clk 1:19:58]} Nf6 {[%clk 1:30:17]} 5. Be2 {[%clk 1:17:56]} d6 {[%clk 1:28:45]}
6. Nf3 {[%clk 1:18:02]} d5 {[%clk 1:28:23]} 7. O-O {[%clk 1:15:10]} Bd6
{[%clk 1:24:58]} 8. Re1 {[%clk 1:11:33]} O-O {[%clk 1:23:48]} 9. h3
{[%clk 1:11:24]} h6 {[%clk 1:20:51]} 10. Nbd2 {[%clk 1:10:18]} Be6
{[%clk 1:15:40]} 11. d4 {[%clk 0:51:33]} Nbd7 {[%clk 1:09:07]} 12. Bd3
{[%clk 0:50:51]} c5 {[%clk 1:04:17]} 13. dxc5 {[%clk 0:49:33]} Nxc5
{[%clk 1:02:36]} 14. Nf1 {[%clk 0:44:21]} Nxd3 {[%clk 0:57:41]} 15. Qxd3
{[%clk 0:43:48]} a6 {[%clk 0:52:00]} 16. Ne3 {[%clk 0:40:06]} Rc8
{[%clk 0:49:23]} 17. Nd4 {[%clk 0:36:53]} Re8 {[%clk 0:46:19]} 18. c3
{[%clk 0:28:11]} Qb6 {[%clk 0:44:57]} 19. Nec2 {[%clk 0:18:38]} Ne4
{[%clk 0:42:16]} 20. Rb1 {[%clk 0:17:14]} Rxc3 {[%clk 0:35:05]} 21. bxc3
{[%clk 0:15:21]} Qxb1 {[%clk 0:35:19]} 22. Bxh6 {[%clk 0:09:45]} Qxa2
{[%clk 0:33:10]} 23. Be3 {[%clk 0:04:17]} Rc8 {[%clk 0:25:38]} 24. Ne2
{[%clk 0:03:42]} Qc4 {[%clk 0:22:52]} 25. Qxc4 {[%clk 0:03:45]} Rxc4
{[%clk 0:23:13]} 26. Bd4 {[%clk 0:03:17]} Bc5 {[%clk 0:21:43]} 27. Ne3
{[%clk 0:03:05]} Ra4 {[%clk 0:20:57]} 28. f3 {[%clk 0:03:02]} Bxd4
{[%clk 0:21:00]} 29. cxd4 {[%clk 0:03:03]} Nd6 {[%clk 0:19:46]} 30. Nc3
{[%clk 0:02:55]} Ra5 {[%clk 0:18:11]} 31. Rb1 {[%clk 0:03:06]} Kf8
{[%clk 0:17:21]} 32. Kf2 {[%clk 0:03:20]} Ke7 {[%clk 0:15:38]} 33. Ke2
{[%clk 0:03:26]} Kd7 {[%clk 0:15:03]} 34. Kd2 {[%clk 0:03:06]} Kc6
{[%clk 0:14:35]} 35. Rc1 {[%clk 0:02:39]} Nc4+ {[%clk 0:13:12]} 36. Ke2
{[%clk 0:02:09]} Kd6 {[%clk 0:11:25]} 37. Ned1 {[%clk 0:01:26]} b5
{[%clk 0:10:15]} 38. Rb1 {[%clk 0:00:57]} Bf5 {[%clk 0:09:45]} 39. Rb4
{[%clk 0:01:13]} Ra1 {[%clk 0:09:05]} 40. g4 {[%clk 0:01:06]} Bc2
{[%clk 0:08:33]} 41. Nf2 {[%clk 0:00:53]} Ba4 {[%clk 0:07:57]} 42. Rb1
{[%clk 0:00:43]} Rxb1 {[%clk 0:07:49]} 43. Nxb1 {[%clk 0:01:11]} b4
{[%clk 0:30:06]} 44. Nd3 {[%clk 0:31:46]} Bb5 {[%clk 0:24:58]} 45. Kd1
{[%clk 0:31:16]} Ne3+ {[%clk 0:24:10]} 46. Kd2 {[%clk 0:31:19]} Bxd3
{[%clk 0:23:00]} 47. Kxd3 {[%clk 0:31:29]} Nc4 {[%clk 0:22:48]} 48. f4
{[%clk 0:31:20]} a5 {[%clk 0:22:21]} 49. f5 {[%clk 0:31:19]} Ke7 {[%clk 0:20:32]}
50. h4 {[%clk 0:30:35]} Kf6 {[%clk 0:15:35]} 51. Nd2 {[%clk 0:30:13]} Nxd2
{[%clk 0:15:57]} 52. Kxd2 {[%clk 0:30:39]} a4 {[%clk 0:16:10]} 53. Kc2
{[%clk 0:30:55]} g6 {[%clk 0:12:21]} 54. fxg6 {[%clk 0:30:29]} Kxg6
{[%clk 0:11:54]} 55. h5+ {[%clk 0:30:47]} Kh6 {[%clk 0:12:00]} 56. Kd3
{[%clk 0:30:52]} f5 {[%clk 0:11:53]} 57. gxf5 {[%clk 0:30:57]} Kxh5
{[%clk 0:12:19]} 58. f6 {[%clk 0:30:45]} Kg6 {[%clk 0:12:45]} 0-1

[Event "WCO2014"]
[Site "Tromso"]
[Date "2014.08.03"]
[Round "2.44"]
[WhiteID "9301194"]
[White "Al-Zarouni Kholoud Essa"]
[BlackID "3801934"]
[Black "Cori T. Deysi"]
[Result "0-1"]
[LiveChessVersion "1.4.3"]
[BlackElo "2422"]
[WhiteElo "1862"]

1. e4 {[%clk 1:30:55]} e6 {[%clk 1:30:38]} 2. d4 {[%clk 1:30:59]} d5
{[%clk 1:31:06]} 3. exd5 {[%clk 1:31:20]} exd5 {[%clk 1:31:34]} 4. Nf3
{[%clk 1:31:40]} Nf6 {[%clk 1:29:33]} 5. Bd3 {[%clk 1:30:22]} Bg4
{[%clk 1:27:15]} 6. h3 {[%clk 1:24:56]} Bh5 {[%clk 1:26:59]} 7. Qe2+
{[%clk 1:19:31]} Be7 {[%clk 1:26:04]} 8. g4 {[%clk 1:10:58]} Bg6 {[%clk 1:26:33]}
9. Bxg6 {[%clk 1:08:38]} hxg6 {[%clk 1:26:55]} 10. g5 {[%clk 1:04:29]} Ne4
{[%clk 1:05:37]} 11. Qb5+ {[%clk 0:59:28]} Qd7 {[%clk 1:05:21]} 12. Qxb7
{[%clk 0:38:34]} O-O {[%clk 1:05:46]} 13. Bf4 {[%clk 0:25:10]} Qf5
{[%clk 0:58:39]} 14. Qxc7 {[%clk 0:20:15]} Bd6 {[%clk 0:58:39]} 15. Bxd6
{[%clk 0:15:12]} Rc8 {[%clk 0:50:40]} 16. Qe7 {[%clk 0:10:21]} Nc6
{[%clk 0:49:07]} 17. Qb7 {[%clk 0:07:46]} Qxf3 {[%clk 0:48:13]} 18. O-O
{[%clk 0:02:57]} Nxd6 {[%clk 0:48:27]} 19. Qd7 {[%clk 0:02:27]} Nf5
{[%clk 0:47:59]} 20. c3 {[%clk 0:02:10]} Rd8 {[%clk 0:43:21]} 21. Qc7
{[%clk 0:02:03]} Rd6 {[%clk 0:43:01]} 0-1

[Event "WCO2014"]
[Site "Tromso"]
[Date "2014.08.03"]
[Round "2.43"]
[WhiteID "3801888"]
[White "Apaza Flor"]
[BlackID "9301500"]
[Black "Nouman Amna"]
[Result "0-1"]
[LiveChessVersion "1.4.3"]
[BlackElo "1869"]
[WhiteElo "1552"]

1. c4 {[%clk 1:30:58]} c5 {[%clk 1:30:22]} 2. Nc3 {[%clk 1:30:42]} Nc6
{[%clk 1:29:59]} 3. g3 {[%clk 1:30:29]} g6 {[%clk 1:29:12]} 4. Bg2
{[%clk 1:27:47]} Bg7 {[%clk 1:29:28]} 5. Nf3 {[%clk 1:25:27]} d6 {[%clk 1:29:01]}
6. O-O {[%clk 1:23:57]} e5 {[%clk 1:28:56]} 7. d3 {[%clk 1:15:20]} Nge7
{[%clk 1:28:16]} 8. a3 {[%clk 1:07:05]} O-O {[%clk 1:26:42]} 9. Rb1
{[%clk 1:03:38]} a5 {[%clk 1:25:38]} 10. Bd2 {[%clk 0:57:16]} h6 {[%clk 1:24:31]}
11. Nb5 {[%clk 0:47:27]} Be6 {[%clk 1:19:34]} 12. Qc2 {[%clk 0:41:29]} b6
{[%clk 1:17:13]} 13. Bc3 {[%clk 0:36:36]} Qd7 {[%clk 1:01:49]} 14. Nd2
{[%clk 0:27:53]} f5 {[%clk 0:56:06]} 15. b4 {[%clk 0:21:59]} Rab8
{[%clk 0:45:24]} 16. e3 {[%clk 0:13:27]} axb4 {[%clk 0:27:41]} 17. axb4
{[%clk 0:13:46]} cxb4 {[%clk 0:27:42]} 18. Bxb4 {[%clk 0:13:32]} Nxb4
{[%clk 0:27:42]} 19. Rxb4 {[%clk 0:13:40]} d5 {[%clk 0:24:27]} 20. Rfb1
{[%clk 0:08:59]} Rfd8 {[%clk 0:17:51]} 21. Na3 {[%clk 0:04:36]} Ra8
{[%clk 0:11:24]} 22. Qb3 {[%clk 0:02:34]} dxc4 {[%clk 0:10:57]} 23. Naxc4
{[%clk 0:02:47]} Rab8 {[%clk 0:10:39]} 24. Rxb6 {[%clk 0:03:01]} Rxb6
{[%clk 0:09:15]} 25. Qxb6 {[%clk 0:02:20]} Bf7 {[%clk 0:02:46]} 26. Qc5
{[%clk 0:01:37]} Nd5 {[%clk 0:00:38]} 27. Bxd5 {[%clk 0:01:03]} Bxd5
{[%clk 0:00:57]} 28. Nb6 {[%clk 0:01:13]} Qa7 {[%clk 0:01:03]} 29. Qb5
{[%clk 0:00:34]} Bf7 {[%clk 0:00:59]} 0-1

[Event "WCO2014"]
[Site "Tromso"]
[Date "2014.08.03"]
[Round "2.42"]
[WhiteID "9302972"]
[White "Al-Zarouni Aisha"]
[BlackID "3810500"]
[Black "Bocangel Chavez Marjoire J."]
[Result "1-0"]
[LiveChessVersion "1.4.3"]
[BlackElo "1731"]
[WhiteElo "1689"]

1. b3 {[%clk 1:31:19]} e5 {[%clk 1:22:29]} 2. Bb2 {[%clk 1:31:41]} d6
{[%clk 1:21:51]} 3. e3 {[%clk 1:31:54]} c5 {[%clk 1:22:13]} 4. Bb5+
{[%clk 1:29:40]} Nc6 {[%clk 1:21:50]} 5. d4 {[%clk 1:29:37]} Qa5+
{[%clk 1:10:34]} 6. Nc3 {[%clk 1:28:57]} cxd4 {[%clk 1:05:09]} 7. exd4
{[%clk 1:25:56]} exd4 {[%clk 1:00:57]} 8. Qxd4 {[%clk 1:18:37]} Bd7
{[%clk 0:50:37]} 9. Qa4 {[%clk 1:13:33]} Qxa4 {[%clk 0:39:55]} 10. Bxa4
{[%clk 1:10:10]} Nf6 {[%clk 0:36:07]} 11. Rd1 {[%clk 0:23:42]} a6
{[%clk 0:34:13]} 12. Bxc6 {[%clk 0:21:07]} Bxc6 {[%clk 0:33:12]} 13. Nf3
{[%clk 0:20:33]} O-O-O {[%clk 0:31:07]} 14. O-O {[%clk 0:19:09]} Bxf3
{[%clk 0:22:43]} 15. gxf3 {[%clk 0:19:32]} d5 {[%clk 0:18:15]} 16. Na4
{[%clk 0:18:24]} b5 {[%clk 0:16:21]} 17. Nb6+ {[%clk 0:17:56]} Kb7
{[%clk 0:16:01]} 18. Bxf6 {[%clk 0:18:18]} gxf6 {[%clk 0:14:37]} 19. Nxd5
{[%clk 0:18:42]} Rg8+ {[%clk 0:14:21]} 20. Kh1 {[%clk 0:19:05]} Bg7
{[%clk 0:06:08]} 21. Ne3 {[%clk 0:15:17]} Rc8 {[%clk 0:05:48]} 22. Rd7+ Kb8
{[%clk 0:02:01]} 23. Rxf7 {[%clk 0:15:10]} Bh8 {[%clk 0:00:36]} 24. Rd1
{[%clk 0:12:27]} Rg6 {[%clk 0:00:32]} 25. Rdd7 {[%clk 0:12:36]} Rcg8
{[%clk 0:00:58]} 26. Rd1 {[%clk 0:11:16]} Rg5 {[%clk 0:31:00]} 1-0

[Event "WCO2014"]
[Site "Tromso"]
[Date "2014.08.03"]
[Round "2.21"]
[WhiteID "11001305"]
[White "Wakuruwarewa Colletta"]
[BlackID "5501156"]
[Black "Matoussi Amani"]
[Result "0-1"]
[LiveChessVersion "1.4.3"]
[BlackElo "1627"]
[WhiteElo "1633"]

1. e4 {[%clk 1:30:54]} c5 {[%clk 1:30:47]} 2. Bc4 {[%clk 1:30:36]} e6
{[%clk 1:28:16]} 3. Nf3 {[%clk 1:28:21]} Nc6 {[%clk 1:28:12]} 4. d4
{[%clk 1:25:28]} cxd4 {[%clk 1:28:28]} 5. Nxd4 e5 {[%clk 1:12:17]} 6. Nf3
{[%clk 1:09:24]} Nf6 {[%clk 1:10:48]} 7. Ng5 {[%clk 1:05:41]} d5 {[%clk 1:06:40]}
8. Bxd5 {[%clk 1:03:29]} Nxd5 {[%clk 1:03:27]} 9. exd5 {[%clk 1:03:20]} Nb4
{[%clk 0:53:57]} 10. c4 {[%clk 0:59:28]} Bf5 {[%clk 0:47:55]} 11. Qa4+
{[%clk 0:55:30]} b5 {[%clk 0:42:51]} 12. Qxb5+ {[%clk 0:51:45]} Bd7
{[%clk 0:42:52]} 13. Qb7 {[%clk 0:50:44]} Nc2+ {[%clk 0:42:07]} 14. Ke2
{[%clk 0:50:02]} Nxa1 {[%clk 0:41:01]} 15. b3 {[%clk 0:49:01]} Nc2
{[%clk 0:40:13]} 16. Rd1 {[%clk 0:47:37]} Be7 {[%clk 0:35:48]} 17. Ne4
{[%clk 0:45:58]} Nd4+ {[%clk 0:31:02]} 18. Kf1 {[%clk 0:45:28]} Bf5
{[%clk 0:30:25]} 19. Nbc3 {[%clk 0:44:32]} O-O {[%clk 0:29:11]} 20. Be3
{[%clk 0:41:49]} Bxe4 {[%clk 0:28:18]} 21. Nxe4 {[%clk 0:42:00]} f5
{[%clk 0:26:16]} 22. Nc3 {[%clk 0:39:34]} Rf7 {[%clk 0:19:42]} 23. Qa6
{[%clk 0:38:47]} Bc5 {[%clk 0:11:42]} 24. Na4 {[%clk 0:34:32]} Bb6
{[%clk 0:11:41]} 25. c5 {[%clk 0:33:34]} Bxc5 {[%clk 0:09:18]} 26. Nxc5
{[%clk 0:33:22]} Qxd5 {[%clk 0:09:31]} 27. b4 {[%clk 0:28:27]} f4
{[%clk 0:08:17]} 28. Bxd4 {[%clk 0:28:05]} exd4 {[%clk 0:08:39]} 29. Nb3
{[%clk 0:24:37]} Qh5 {[%clk 0:07:33]} 30. Rd3 {[%clk 0:22:58]} Re8
{[%clk 0:06:54]} 31. Rf3 {[%clk 0:19:58]} Rfe7 {[%clk 0:06:56]} 32. Qc4+
{[%clk 0:19:04]} Kh8 {[%clk 0:07:13]} 33. Qc1 {[%clk 0:19:11]} Qb5+
{[%clk 0:07:24]} 0-1

[Event "WCO2014"]
[Site "Tromso"]
[Date "2014.08.03"]
[Round "2.22"]
[WhiteID "5501148"]
[White "Marzouk Amira"]
[BlackID "11001313"]
[Black "Zengeni Tatenda Melisa"]
[Result "1-0"]
[LiveChessVersion "1.4.3"]
[BlackElo "1660"]
[WhiteElo "1669"]

1. e4 {[%clk 1:30:42]} c6 {[%clk 1:30:52]} 2. d3 {[%clk 1:30:30]} d5
{[%clk 1:31:15]} 3. Nd2 {[%clk 1:30:50]} dxe4 {[%clk 1:30:33]} 4. dxe4
{[%clk 1:30:58]} e6 {[%clk 1:28:05]} 5. Ngf3 {[%clk 1:29:05]} Nf6
{[%clk 1:27:15]} 6. Bd3 {[%clk 1:23:46]} Be7 {[%clk 1:25:57]} 7. Qe2
{[%clk 1:15:30]} h6 {[%clk 1:22:37]} 8. Nb3 {[%clk 1:11:53]} Qc7 {[%clk 1:21:03]}
9. O-O {[%clk 1:09:17]} O-O {[%clk 1:21:24]} 10. e5 {[%clk 1:04:59]} Ne8
{[%clk 1:15:30]} 11. Nbd4 {[%clk 0:55:01]} f5 {[%clk 1:05:51]} 12. exf6
{[%clk 0:47:26]} Rxf6 {[%clk 1:05:35]} 13. Qe4 {[%clk 0:45:46]} Nd6
{[%clk 0:59:46]} 14. Qh7+ {[%clk 0:43:34]} Kf7 {[%clk 0:55:04]} 15. Bg6+
{[%clk 0:35:02]} Rxg6 {[%clk 0:54:32]} 16. Ne5+ {[%clk 0:35:25]} Kf6
{[%clk 0:41:44]} 17. Qxg6+ {[%clk 0:35:33]} Kxe5 {[%clk 0:41:55]} 18. Nf3+
{[%clk 0:35:50]} Kd5 {[%clk 0:39:44]} 19. Qd3+ {[%clk 0:35:57]} Kc5
{[%clk 0:38:38]} 20. Be3+ {[%clk 0:36:20]} Kb4 {[%clk 0:36:25]} 21. a3+
{[%clk 0:36:39]} Ka5 {[%clk 0:35:43]} 22. b4+ {[%clk 0:34:47]} Ka4
{[%clk 0:34:53]} 23. Qb3+ {[%clk 0:29:14]} Kb5 {[%clk 0:33:53]} 24. a4+
{[%clk 0:29:38]} Ka6 {[%clk 0:32:50]} 25. b5+ {[%clk 0:30:01]} cxb5
{[%clk 0:27:51]} 26. axb5# {[%clk 0:30:22]} 1-0

[Event "WCO2014"]
[Site "Tromso"]
[Date "2014.08.03"]
[Round "2.23"]
[WhiteID "11000090"]
[White "Masiyazi Rhoda"]
[BlackID "5501040"]
[Black "Krifa Najla"]
[Result "0-1"]
[LiveChessVersion "1.4.3"]
[BlackElo "1759"]
[WhiteElo "1920"]

1. e4 {[%clk 1:30:52]} c5 {[%clk 1:30:49]} 2. Nf3 {[%clk 1:31:19]} d6
{[%clk 1:31:12]} 3. d4 {[%clk 1:31:34]} cxd4 {[%clk 1:31:19]} 4. Nxd4
{[%clk 1:32:02]} Nf6 {[%clk 1:31:39]} 5. Nc3 {[%clk 1:32:22]} Nc6
{[%clk 1:31:46]} 6. Bb5 {[%clk 1:31:24]} Bd7 {[%clk 1:31:48]} 7. Nxc6
{[%clk 1:31:38]} Bxc6 {[%clk 1:30:41]} 8. Bxc6+ {[%clk 1:32:05]} bxc6
{[%clk 1:31:09]} 9. O-O {[%clk 1:31:37]} g6 {[%clk 1:26:32]} 10. f4
{[%clk 1:31:28]} Qa5 {[%clk 1:24:00]} 11. Qf3 {[%clk 1:31:44]} Bg7
{[%clk 1:19:52]} 12. e5 {[%clk 1:31:49]} Nd5 {[%clk 1:19:25]} 13. Nxd5
{[%clk 1:31:29]} cxd5 {[%clk 1:19:24]} 14. exd6 {[%clk 1:31:57]} Qb6+
{[%clk 1:19:43]} 15. Be3 {[%clk 1:28:48]} Qxd6 {[%clk 1:20:03]} 16. f5
{[%clk 1:28:52]} O-O {[%clk 1:19:56]} 17. c3 {[%clk 1:28:43]} d4 {[%clk 1:07:43]}
18. Rad1 {[%clk 1:28:27]} Qb6 {[%clk 1:08:02]} 19. cxd4 {[%clk 1:27:48]} Qxb2
{[%clk 1:08:19]} 20. Rd2 {[%clk 1:27:00]} Qb4 {[%clk 1:06:03]} 21. d5
{[%clk 1:26:42]} Rad8 {[%clk 1:05:17]} 22. Rfd1 {[%clk 1:26:09]} Rd7
{[%clk 1:00:03]} 23. g4 {[%clk 1:25:23]} Qd6 {[%clk 0:47:15]} 24. g5
{[%clk 1:24:17]} Be5 {[%clk 0:45:54]} 25. h4 {[%clk 1:22:19]} Rb7
{[%clk 0:44:23]} 26. Kg2 {[%clk 1:22:27]} Rb4 {[%clk 0:40:25]} 27. Rh1
{[%clk 1:20:56]} Bf4 {[%clk 0:37:42]} 28. Bxf4 {[%clk 1:13:26]} Rxf4
{[%clk 0:37:52]} 29. Qg3 {[%clk 1:13:30]} Qb4 {[%clk 0:36:14]} 30. Qe1
{[%clk 1:09:16]} Rxf5 {[%clk 0:34:13]} 31. Qe2 {[%clk 1:06:52]} Rf4
{[%clk 0:31:23]} 32. Kg3 {[%clk 1:06:32]} Rc8 {[%clk 0:30:33]} 33. Rd3
{[%clk 1:06:39]} Qd6 {[%clk 0:27:49]} 34. Kg2 {[%clk 1:04:43]} Rcc4
{[%clk 0:26:59]} 35. Rhh3 {[%clk 0:57:17]} Rg4+ {[%clk 0:26:01]} 36. Kh1
{[%clk 0:53:16]} Rc1+ {[%clk 0:23:16]} 37. Rd1 {[%clk 0:52:28]} Qxd5+
{[%clk 0:23:34]} 0-1

[Event "WCO2014"]
[Site "Tromso"]
[Date "2014.08.03"]
[Round "2.24"]
[WhiteID "5503400"]
[White "Ben Said Safa"]
[BlackID "11000660"]
[Black "Zengeni Paidaishe"]
[Result "1-0"]
[LiveChessVersion "1.4.3"]
[BlackElo "1678"]
[WhiteElo "1589"]

1. e4 {[%clk 1:30:59]} c5 {[%clk 1:30:54]} 2. Nf3 {[%clk 1:31:20]} e6
{[%clk 1:31:16]} 3. d3 {[%clk 1:31:39]} Nf6 {[%clk 1:31:13]} 4. g3
{[%clk 1:31:02]} d5 {[%clk 1:30:43]} 5. Nbd2 {[%clk 1:26:57]} dxe4
{[%clk 1:24:56]} 6. dxe4 {[%clk 1:25:48]} Qa5 {[%clk 1:20:13]} 7. c3
{[%clk 1:22:01]} b5 {[%clk 1:18:08]} 8. Bg2 {[%clk 1:15:59]} Bb7 {[%clk 1:17:35]}
9. e5 {[%clk 1:09:36]} Nd5 {[%clk 1:14:13]} 10. O-O {[%clk 1:03:04]} Nd7
{[%clk 1:08:36]} 11. c4 {[%clk 1:00:37]} bxc4 {[%clk 1:05:13]} 12. Nxc4
{[%clk 1:00:53]} Qc7 {[%clk 1:04:41]} 13. Qa4 {[%clk 0:58:00]} N5b6
{[%clk 0:44:25]} 14. Nxb6 {[%clk 0:53:59]} axb6 {[%clk 0:43:28]} 15. Qf4
{[%clk 0:48:43]} Be7 {[%clk 0:37:51]} 16. Ng5 {[%clk 0:39:54]} O-O
{[%clk 0:31:39]} 17. Nf3 {[%clk 0:34:57]} Rfd8 {[%clk 0:27:24]} 18. Re1
{[%clk 0:32:50]} Nf8 {[%clk 0:26:16]} 19. Ng5 {[%clk 0:24:05]} Bxg5
{[%clk 0:25:01]} 20. Qxg5 {[%clk 0:24:32]} Bxg2 {[%clk 0:22:31]} 21. Kxg2
{[%clk 0:25:00]} Ng6 {[%clk 0:22:29]} 22. h4 {[%clk 0:18:34]} Rd5
{[%clk 0:17:51]} 23. Bf4 {[%clk 0:13:49]} Qb7 {[%clk 0:12:55]} 24. Kg1
{[%clk 0:10:23]} h6 {[%clk 0:11:58]} 25. Qg4 {[%clk 0:09:58]} Nxf4
{[%clk 0:12:05]} 26. Qxf4 {[%clk 0:07:34]} Rad8 {[%clk 0:12:16]} 27. Qf3
{[%clk 0:07:07]} Qd7 {[%clk 0:12:24]} 28. Qb3 {[%clk 0:06:43]} Qc6
{[%clk 0:10:03]} 29. Rad1 {[%clk 0:05:38]} Rxd1 {[%clk 0:08:46]} 30. Rxd1
{[%clk 0:06:07]} Rxd1+ {[%clk 0:09:01]} 31. Qxd1 {[%clk 0:06:34]} Qe4
{[%clk 0:09:14]} 32. Qd8+ {[%clk 0:06:31]} Kh7 {[%clk 0:09:18]} 33. Qxb6
{[%clk 0:06:38]} Qxe5 {[%clk 0:09:28]} 34. a4 {[%clk 0:06:08]} Qe1+
{[%clk 0:09:38]} 35. Kg2 {[%clk 0:06:02]} Qe4+ {[%clk 0:08:43]} 36. Kh2
{[%clk 0:05:47]} Qxa4 {[%clk 0:08:45]} 37. Qxc5 {[%clk 0:06:15]} Qb3
{[%clk 0:07:17]} 38. Qa3 {[%clk 0:05:24]} Qb6 {[%clk 0:04:52]} 39. Kg1
{[%clk 0:04:12]} Kg8 {[%clk 0:01:46]} 40. b4 {[%clk 0:03:58]} Kf8
{[%clk 0:01:22]} 41. b5+ {[%clk 0:03:49]} Ke8 {[%clk 0:00:59]} 42. Qa6
{[%clk 0:04:10]} Qb8 {[%clk 0:28:49]} 43. b6 {[%clk 0:31:30]} Kd8
{[%clk 0:26:25]} 44. Qa7 {[%clk 0:30:48]} Kc8 {[%clk 0:25:30]} 45. Qxf7
{[%clk 0:27:45]} Qxb6 {[%clk 0:22:05]} 46. Qg8+ {[%clk 0:27:41]} Qd8
{[%clk 0:21:15]} 47. Qxe6+ {[%clk 0:27:46]} Qd7 {[%clk 0:21:14]} 48. Qg8+
{[%clk 0:27:17]} Kc7 {[%clk 0:21:25]} 49. Qc4+ {[%clk 0:26:11]} Kd8
{[%clk 0:20:03]} 50. Kg2 {[%clk 0:24:57]} Ke7 {[%clk 0:19:31]} 51. h5
{[%clk 0:23:56]} Kf6 {[%clk 0:17:10]} 52. Qh4+ {[%clk 0:22:09]} Kf7
{[%clk 0:16:35]} 53. Qf4+ {[%clk 0:21:55]} Ke7 {[%clk 0:14:42]} 54. g4
{[%clk 0:21:15]} Qc6+ {[%clk 0:13:58]} 55. Qf3 {[%clk 0:20:58]} Qxf3+
{[%clk 0:12:50]} 56. Kxf3 {[%clk 0:21:20]} Ke6 {[%clk 0:13:07]} 57. Ke4
{[%clk 0:20:58]} Kf6 {[%clk 0:13:13]} 58. Kf4 {[%clk 0:20:33]} g5+
{[%clk 0:12:07]} 59. hxg6 {[%clk 0:20:13]} Kxg6 {[%clk 0:12:28]} 60. Kg3
{[%clk 0:20:04]} Kf6 {[%clk 0:11:29]} 61. f4 {[%clk 0:20:02]} Kg6
{[%clk 0:11:43]} 62. Kh4 {[%clk 0:19:41]} Kf7 {[%clk 0:10:04]} 63. Kh5
{[%clk 0:19:31]} Kg7 {[%clk 0:10:29]} 64. f5 {[%clk 0:19:42]} Kh7
{[%clk 0:10:02]} 65. f6 {[%clk 0:19:57]} Kg8 {[%clk 0:09:32]} 66. Kxh6
{[%clk 0:20:19]} Kh8 {[%clk 0:09:18]} 67. Kg6 {[%clk 0:19:59]} Kg8
{[%clk 0:09:25]} 68. f7+ {[%clk 0:20:04]} 1-0

[Event "WCO2014"]
[Site "Tromso"]
[Date "2014.08.03"]
[Round "2.40"]
[WhiteID "3101703"]
[White "Morales Santos Natasha"]
[BlackID "8601844"]
[Black "Wang Chengjia"]
[Result "1-0"]
[LiveChessVersion "1.4.3"]
[BlackElo "1989"]
[WhiteElo "1726"]

1. d4 {[%clk 1:29:24]} Nf6 {[%clk 1:30:53]} 2. Nf3 {[%clk 1:29:44]} e6
{[%clk 1:30:17]} 3. e3 {[%clk 1:30:00]} d5 {[%clk 1:30:22]} 4. Bd3
{[%clk 1:30:22]} c5 {[%clk 1:30:16]} 5. b3 {[%clk 1:30:40]} Nc6 {[%clk 1:29:54]}
6. Bb2 {[%clk 1:30:50]} Bd6 {[%clk 1:29:33]} 7. O-O {[%clk 1:30:44]} O-O
{[%clk 1:29:44]} 8. Ne5 {[%clk 1:30:35]} Nb4 {[%clk 1:21:43]} 9. Be2
{[%clk 1:24:34]} cxd4 {[%clk 1:21:23]} 10. exd4 {[%clk 1:24:39]} Qc7
{[%clk 1:21:37]} 11. c4 {[%clk 1:22:28]} dxc4 {[%clk 1:19:58]} 12. bxc4
{[%clk 1:17:55]} Rd8 {[%clk 1:07:43]} 13. Qb3 {[%clk 1:05:18]} a5
{[%clk 1:04:34]} 14. Na3 {[%clk 0:56:08]} Qe7 {[%clk 0:52:21]} 15. Nb5
{[%clk 0:51:55]} Bxe5 {[%clk 0:49:19]} 16. dxe5 {[%clk 0:49:01]} Ne4
{[%clk 0:49:21]} 17. Qe3 {[%clk 0:43:39]} Nc5 {[%clk 0:35:39]} 18. Nd6
{[%clk 0:36:15]} b6 {[%clk 0:28:51]} 19. Rad1 {[%clk 0:30:53]} Bd7
{[%clk 0:14:28]} 20. a3 {[%clk 0:27:34]} Nba6 {[%clk 0:12:21]} 21. Rd4
{[%clk 0:25:07]} Bc6 {[%clk 0:10:32]} 22. Rg4 {[%clk 0:19:01]} Nc7
{[%clk 0:09:47]} 23. Bc1 Ne8 {[%clk 0:07:59]} 24. Qg3 {[%clk 0:12:08]} f6
{[%clk 0:06:12]} 25. Bh6 {[%clk 0:11:05]} g5 {[%clk 0:01:36]} 26. exf6 Nxf6
{[%clk 0:00:36]} 27. Rxg5+ {[%clk 0:09:24]} Kh8 {[%clk 0:00:39]} 28. Bg7+
{[%clk 0:09:54]} Qxg7 {[%clk 0:00:47]} 29. Rxg7 Rxd6 {[%clk 0:00:58]} 30. Qxd6
{[%clk 0:09:52]} Kxg7 {[%clk 0:01:23]} 31. Qxc6 {[%clk 0:10:01]} Rd8
{[%clk 0:00:46]} 32. Qxb6 {[%clk 0:10:15]} Rd2 {[%clk 0:00:48]} 33. Qxc5
{[%clk 0:09:53]} Rxe2 {[%clk 0:01:14]} 34. Qxa5 {[%clk 0:09:42]} Rc2
{[%clk 0:01:32]} 35. c5 {[%clk 0:09:36]} Nd5 {[%clk 0:01:31]} 36. Qa4
{[%clk 0:09:30]} Rc3 {[%clk 0:01:48]} 37. c6 {[%clk 0:09:15]} Kf7
{[%clk 0:02:11]} 38. h3 {[%clk 0:08:53]} h6 {[%clk 0:02:18]} 39. Rb1
{[%clk 0:08:48]} Ke7 {[%clk 0:01:33]} 40. Rb7+ {[%clk 0:08:16]} Kd6
{[%clk 0:01:53]} 41. Rd7+ {[%clk 0:08:11]} Ke5 {[%clk 0:02:09]} 42. f4+
{[%clk 0:07:03]} Kf5 {[%clk 0:02:07]} 43. g4+ {[%clk 0:06:25]} Kg6
{[%clk 0:02:24]} 44. Qe4+ {[%clk 0:06:38]} Kf6 {[%clk 0:02:45]} 45. Rxd5
{[%clk 0:06:41]} Rc1+ {[%clk 0:03:02]} 46. Kg2 {[%clk 0:06:52]} exd5
{[%clk 0:03:29]} 47. Qxd5 {[%clk 0:06:51]} Rc2+ {[%clk 0:03:56]} 48. Kg3
{[%clk 0:07:06]} Rc3+ {[%clk 0:03:53]} 49. Kh4 {[%clk 0:07:23]} Rc1
{[%clk 0:04:19]} 50. c7 {[%clk 0:07:33]} Kg6 {[%clk 0:04:24]} 51. Qf5+
{[%clk 0:07:40]} Kg7 {[%clk 0:04:50]} 52. c8=Q {[%clk 0:07:56]} Rxc8
{[%clk 0:05:18]} 53. Qxc8 {[%clk 0:08:11]} h5 {[%clk 0:05:42]} 54. Qd7+
{[%clk 0:08:26]} Kg6 {[%clk 0:06:01]} 55. Qe6+ {[%clk 0:08:44]} Kg7
{[%clk 0:06:27]} 56. Kg5 {[%clk 0:08:53]} h4 {[%clk 0:06:47]} 57. Qe7+
{[%clk 0:09:05]} Kg8 {[%clk 0:07:10]} 58. Kg6 {[%clk 0:09:25]} Kh8
{[%clk 0:07:36]} 59. Qh7# 1-0